Statistics for NBA Players With Different Awards

Click here to take the quiz!

General Stats

  • This quiz has been taken 33 times
  • The average score is 25 of 32

Answer Stats

Player % Correct
Michael Jordan
100%
LeBron James
100%
Tim Duncan
100%
Shaquille O'Neal
100%
Hakeem Olajuwon
100%
Magic Johnson
97%
Kareem Abdul-Jabbar
97%
Wilt Chamberlain
97%
Kevin Durant
97%
Larry Bird
97%
Allen Iverson
94%
James Harden
94%
Kobe Bryant
94%
Giannis Antetokounmpo
90%
Moses Malone
90%
Dirk Nowitzki
87%
Derrick Rose
87%
David Robinson
84%
Kawhi Leonard
84%
Kevin Garnett
81%
Oscar Robertson
77%
Wes Unseld
77%
Alvin Robertson
77%
Bob Pettit
74%
Bill Walton
74%
Bob McAdoo
65%
Willis Reed
65%
Dave Cowens
52%
Rick Barry
35%
Mike Miller
29%
Tom Heinsohn
6%
Darrell Armstrong
3%

Score Distribution

Percentile by Number Answered

Percent of People with Each Score

Your Score History

You have not taken this quiz